[Event "BL 8788 Kreuzberg-Sindelfingen"]
[Site "?"]
[Date "1987.??.??"]
[Round "?.3"]
[White "Fahnenschmidt, G."]
[Black "Conquest, S."]
[Result "0-1"]
[WhiteElo "2335"]
[BlackElo "2395"]
[PlyCount "74"]
[EventDate "1987.??.??"]

1. d4 Nf6 2. Nf3 g6 3. g3 d5 4. Bg2 Bg7 5. c4 dxc4 6. Qa4+ Nfd7 7. O-O Nc6 8.
Qxc4 Nb6 9. Qc2 O-O 10. Rd1 Bf5 11. Qc5 e5 12. Nc3 exd4 13. Nb5 d3 14. exd3 Re8
15. Bf4 Rc8 16. d4 Bf8 17. Qc1 Nd5 18. Ne5 Ncb4 19. a3 Nxf4 20. Qxf4 Nd5 21.
Qf3 c6 22. Nxa7 f6 23. Nxc8 fxe5 24. dxe5 Qxc8 25. Rxd5 cxd5 26. Qxd5+ Be6 27.
Qd2 Rd8 28. Qe2 Qd7 29. Rc1 b6 30. h4 Bc5 31. b4 Bd4 32. Kh2 Rf8 33. f4 Kh8 34.
Rc6 Bg4 35. Qc4 Bf2 36. Rd6 Qf5 37. Be4 Bxg3+ 0-1

[Event "BL 8788 Kreuzberg-Sindelfingen"]
[Site "?"]
[Date "1987.??.??"]
[Round "?.4"]
[White "Glienke, M."]
[Black "Gruenenwald, J."]
[Result "1-0"]
[WhiteElo "2305"]
[BlackElo "2330"]
[PlyCount "97"]
[EventDate "1987.??.??"]

1. f4 d5 2. g3 c5 3. Nh3 Nf6 4. Nf2 Nc6 5. Bg2 h5 6. c4 e6 7. e3 g6 8. b3 Bg7
9. Bb2 O-O 10. O-O b6 11. d3 Bb7 12. Na3 Qd7 13. Nc2 Rfe8 14. Rb1 Rad8 15. Qe2
e5 16. Bh3 Qe7 17. f5 g5 18. Bg2 d4 19. e4 Bh6 20. Bc1 Kg7 21. h3 a5 22. a3 Rh8
23. Bf3 h4 24. gxh4 gxh4 25. Bxh6+ Kxh6 26. Qd2+ Kh7 27. Ng4 Nxg4 28. hxg4 Rhg8
29. Kh2 Rg5 30. Be2 f6 31. Kh3 Qg7 32. Rg1 Rg8 33. Rg2 Nd8 34. Rbg1 Nf7 35. Bd1
Nh6 36. Ne1 Bc6 37. Qf2 Qb7 38. a4 Bxe4 39. dxe4 Qxe4 40. Bc2 Qc6 41. Qf3 Qd7
42. Be4 Nf7 43. Bd5 Rh8 44. Bxf7 Qxf7 45. Qe4 Kg8 46. Nf3 Rg7 47. g5 fxg5 48.
Nxg5 Qd7 49. Qa8+ 1-0

[Event "BL 8788 Kreuzberg-Sindelfingen"]
[Site "?"]
[Date "1987.??.??"]
[Round "?.6"]
[White "Grzesik, T."]
[Black "Runau, R."]
[Result "1/2-1/2"]
[WhiteElo "2300"]
[BlackElo "2335"]
[PlyCount "32"]
[EventDate "1987.??.??"]

1. e4 g6 2. d4 c6 3. Nc3 Bg7 4. Nf3 d6 5. a4 Bg4 6. Be2 a5 7. Be3 Nf6 8. Qd2
O-O 9. O-O Na6 10. h3 Bxf3 11. Bxf3 Qc7 12. Rfe1 e5 13. Rad1 Rfe8 14. dxe5 dxe5
15. Be2 Rad8 16. Qc1 Nb8 1/2-1/2

[Event "BL 8788 Sindelfingen-HSV"]
[Site "?"]
[Date "1987.??.??"]
[Round "?.2"]
[White "Franke, H."]
[Black "Chandler, M."]
[Result "0-1"]
[WhiteElo "2350"]
[BlackElo "2575"]
[PlyCount "134"]
[EventDate "1987.??.??"]

1. d4 Nf6 2. Nf3 e6 3. Bg5 c5 4. c3 d5 5. e3 Be7 6. Nbd2 Nbd7 7. Bd3 b6 8. O-O
Bb7 9. Qb1 h6 10. Bh4 O-O 11. b4 c4 12. Bc2 a5 13. a3 b5 14. Qb2 Bc6 15. Rae1
Ra7 16. Bb1 Ne4 17. Bxe7 Qxe7 18. Ne5 Nxe5 19. dxe5 f6 20. Nxe4 dxe4 21. exf6
Qxf6 22. Rd1 Rd8 23. Rxd8+ Qxd8 24. Bc2 Rf7 25. Rd1 Qf6 26. Rd2 axb4 27. axb4
Bd5 28. Bb1 Qe5 29. Rd4 Ra7 30. Bc2 Qb8 31. h3 Qa8 32. Kh2 Ra2 33. Qc1 Ra1 34.
Qb2 h5 35. Bb1 h4 36. Rd2 Kf7 37. Rd1 Ke7 38. Qd2 Qb8+ 39. Kg1 Qe5 40. Qb2 Ra8
41. Bc2 g5 42. Ra1 Rd8 43. Ra7+ Kf6 44. Qa1 Bc6 45. Qa6 Be8 46. Qb6 Rd2 47. Ra2
Qxc3 48. Qb8 Rxc2 49. Qd8+ Kf5 50. Rxc2 Qxc2 51. Qxe8 Qd1+ 52. Kh2 Qd6+ 53. Kg1
Qxb4 54. Qf7+ Ke5 55. Qg7+ Kd5 56. Qd7+ Qd6 57. Qxb5+ Qc5 58. Qb7+ Kd6 59. Qxe4
c3 60. Qc2 Qc4 61. g4 Kc5 62. f4 gxf4 63. Kf2 e5 64. g5 fxe3+ 65. Kxe3 Qf4+ 66.
Ke2 Qh2+ 67. Kd3 Qg3+ 0-1

[Event "BL 8788 Sindelfingen-HSV"]
[Site "?"]
[Date "1987.??.??"]
[Round "?.3"]
[White "Stein, B."]
[Black "Fahnenschmidt, G."]
[Result "1/2-1/2"]
[WhiteElo "2360"]
[BlackElo "2335"]
[PlyCount "42"]
[EventDate "1987.??.??"]

1. b3 e5 2. Bb2 Nc6 3. c4 g6 4. Nf3 Bg7 5. e3 d6 6. d3 Nge7 7. Nbd2 O-O 8. a3
a5 9. Qc2 b6 10. Be2 d5 11. cxd5 Qxd5 12. O-O Ba6 13. Rfd1 Rac8 14. Rac1 h6 15.
Nc4 Bb7 16. Qb1 Qe6 17. b4 axb4 18. axb4 Nxb4 19. Ncxe5 c5 20. d4 Bd5 21. dxc5
bxc5 1/2-1/2

[Event "BL 8788 Sindelfingen-HSV"]
[Site "?"]
[Date "1987.??.??"]
[Round "?.4"]
[White "Gruenenwald, J."]
[Black "Wegner, H."]
[Result "1/2-1/2"]
[WhiteElo "2330"]
[BlackElo "2370"]
[PlyCount "86"]
[EventDate "1987.??.??"]

1. e4 e5 2. Nf3 Nc6 3. Bb5 a6 4. Ba4 Nf6 5. O-O Nxe4 6. d4 b5 7. Bb3 d5 8. dxe5
Be6 9. c3 Bc5 10. Qe2 O-O 11. Be3 Bxe3 12. Qxe3 f6 13. exf6 Qxf6 14. Nbd2 Nxd2
15. Qxd2 Rad8 16. Nd4 Ne5 17. Nxe6 Qxe6 18. Rae1 Qd6 19. Qg5 Rde8 20. Bc2 c6
21. f4 Nf7 22. Qh5 Qh6 23. Qg4 Nd6 24. g3 Nc4 25. Rxe8 Rxe8 26. b3 Ne3 27. Qd7
Rf8 28. Rc1 Qf6 29. Bd3 Rd8 30. Qa7 d4 31. c4 bxc4 32. bxc4 Qe6 33. Qb6 Qe7 34.
Re1 c5 35. Qxa6 Rb8 36. Rb1 Rxb1+ 37. Bxb1 g6 38. Bd3 Nd1 39. Qa8+ Kg7 40. Qf3
Qe1+ 41. Kg2 Ne3+ 42. Kh3 Qd2 43. Qe4 Qxa2 1/2-1/2

[Event "BL 8788 Sindelfingen-HSV"]
[Site "?"]
[Date "1987.??.??"]
[Round "?.5"]
[White "Reefschlaeger, H."]
[Black "Bialas, W."]
[Result "1-0"]
[WhiteElo "2340"]
[BlackElo "2360"]
[PlyCount "69"]
[EventDate "1987.??.??"]

1. e4 g6 2. d4 Bg7 3. f3 d6 4. Be3 c5 5. c3 cxd4 6. cxd4 Nc6 7. Qd2 Nf6 8. Nc3
O-O 9. Bd3 d5 10. e5 Ne8 11. f4 f6 12. Nf3 Bg4 13. Be2 Rc8 14. O-O Rf7 15. Ng5
fxg5 16. Bxg4 gxf4 17. Be6 Nc7 18. Bxf7+ Kxf7 19. Bxf4 Ne6 20. Be3+ Kg8 21.
Rac1 Qd7 22. Na4 b6 23. Qd3 Rc7 24. Qd1 h6 25. Qd3 Kh7 26. Nc3 Nb4 27. Qb5 Qxb5
28. Nxb5 Rc2 29. a3 Re2 30. axb4 Rxe3 31. Rf7 a6 32. Rxe7 Nf4 33. Rcc7 Re1+ 34.
Kf2 Nd3+ 35. Kf3 1-0

[Event "BL 8788 Sindelfingen-HSV"]
[Site "?"]
[Date "1987.??.??"]
[Round "?.6"]
[White "Runau, R."]
[Black "Maus, So"]
[Result "1/2-1/2"]
[WhiteElo "2335"]
[BlackElo "2375"]
[PlyCount "112"]
[EventDate "1987.??.??"]

1. d4 Nf6 2. Nf3 c5 3. d5 e6 4. Nc3 exd5 5. Nxd5 Nxd5 6. Qxd5 Nc6 7. Bg5 Be7 8.
Bxe7 Qxe7 9. c3 d6 10. e3 Be6 11. Qg5 f6 12. Qf4 O-O 13. Be2 Rad8 14. O-O d5
15. Rfd1 Qf7 16. Rd2 Kh8 17. Bb5 g5 18. Qg3 g4 19. Ne1 Ne5 20. Nd3 Nc4 21. Rdd1
Nd6 22. Ba4 Ne4 23. Qf4 Rg8 24. Bc2 Rg5 25. Ne1 Rf5 26. Qxe4 dxe4 27. Rxd8+ Kg7
28. Bxe4 Re5 29. Bc2 Rd5 30. Rxd5 Bxd5 31. b3 Qe7 32. Rd1 Be4 33. Bxe4 Qxe4 34.
c4 a6 35. Kf1 h5 36. Ke2 h4 37. f3 Qe5 38. g3 hxg3 39. hxg3 Qxg3 40. fxg4 Qxg4+
41. Kd2 Qg3 42. Nd3 Qh2+ 43. Kc3 b6 44. a4 Kf7 45. Nf4 f5 46. a5 bxa5 47. Rd5
Qh8+ 48. Kc2 Qc8 49. Nd3 Qe6 50. Ne5+ Kf6 51. Rxc5 Qg8 52. Nd3 a4 53. bxa4 Qe8
54. Ra5 Qxe3 55. Rxa6+ Ke7 56. Ra5 Qd4 1/2-1/2

[Event "BL 8788 Sindelfingen-HSV"]
[Site "?"]
[Date "1987.??.??"]
[Round "?.7"]
[White "Behrhorst, F."]
[Black "Mohr, S."]
[Result "0-1"]
[WhiteElo "2355"]
[BlackElo "2325"]
[PlyCount "114"]
[EventDate "1987.??.??"]

1. d4 d5 2. c4 Nc6 3. e3 dxc4 4. Bxc4 e5 5. d5 Nce7 6. Nc3 Nf6 7. Nf3 Ng6 8.
Qb3 Bd6 9. Bb5+ Nd7 10. O-O O-O 11. Ne4 Nc5 12. Nxc5 Bxc5 13. e4 Rb8 14. Bg5
Qd6 15. Rac1 c6 16. Qc2 Bd4 17. dxc6 bxc6 18. Qxc6 Qxc6 19. Bxc6 Bxb2 20. Rc2
Be6 21. Be3 a6 22. Ba7 Rbc8 23. Rxb2 Rxc6 24. Ng5 Bc4 25. Rc1 Nf4 26. Rbc2 Rfc8
27. Rd1 f6 28. Nf3 Be2 29. Rxc6 Rxc6 30. Ra1 Nh3+ 31. Kh1 Bxf3 32. gxf3 Rc2 33.
Kg2 Nf4+ 34. Kg3 g5 35. Kg4 Kf7 36. Be3 h5+ 37. Kg3 h4+ 38. Kg4 Kg6 39. Rd1
Rxa2 40. Rd6 Nh5 41. Rb6 a5 42. Ra6 Ra1 43. Ra8 a4 44. Rg8+ Ng7 45. Bc5 Rg1+
46. Kh3 Kh7 47. Ra8 Ne6 48. Be3 Ra1 49. Kg4 Kg6 50. Rg8+ Kf7 51. Ra8 Ng7 52.
Ra7+ Kg6 53. Ra6 a3 54. Bd2 Nh5 55. Ra7 a2 56. Kh3 Rf1 57. Rxa2 Rxf2 0-1

[Event "BL 8788 Sindelfingen-HSV"]
[Site "?"]
[Date "1987.??.??"]
[Round "?.8"]
[White "Sieglen, J."]
[Black "Michaelsen, N."]
[Result "1/2-1/2"]
[WhiteElo "2350"]
[BlackElo "2205"]
[PlyCount "40"]
[EventDate "1987.??.??"]

1. d4 Nf6 2. c4 g6 3. Nc3 d5 4. Nf3 Bg7 5. Bg5 Ne4 6. cxd5 Nxg5 7. Nxg5 e6 8.
Nf3 exd5 9. e3 Qd6 10. Be2 O-O 11. O-O c6 12. Ne1 Re8 13. Nd3 Bf5 14. a3 Nd7
15. b4 a5 16. Nc5 b6 17. Nxd7 Bxd7 18. bxa5 Rxa5 19. a4 c5 20. Nb5 Bxb5 1/2-1/2

[Event "BL 8788 HSV-Zähringen"]
[Site "?"]
[Date "1987.??.??"]
[Round "?.2"]
[White "Chandler, M."]
[Black "Kiefer, G."]
[Result "1-0"]
[WhiteElo "2575"]
[BlackElo "2220"]
[PlyCount "47"]
[EventDate "1987.??.??"]

1. e4 c5 2. Nf3 d6 3. d4 cxd4 4. Nxd4 Nf6 5. Nc3 a6 6. Be3 e6 7. f3 Nbd7 8. g4
h6 9. h4 b5 10. Rg1 g6 11. g5 hxg5 12. hxg5 Nh5 13. Qd2 Bb7 14. a3 Rc8 15.
O-O-O Ne5 16. f4 Nc4 17. Bxc4 Rxc4 18. f5 e5 19. Nb3 gxf5 20. exf5 Nf4 21. Kb1
Be7 22. f6 Bf8 23. Bxf4 Rxf4 24. Rge1 1-0

[Event "BL 8788 HSV-Zähringen"]
[Site "?"]
[Date "1987.??.??"]
[Round "?.3"]
[White "Schuh, H."]
[Black "Stein, B."]
[Result "1/2-1/2"]
[WhiteElo "2320"]
[BlackElo "2360"]
[PlyCount "26"]
[EventDate "1987.??.??"]

1. d4 Nf6 2. c4 d6 3. Nf3 Nbd7 4. Nc3 e5 5. Bg5 Be7 6. e3 Ng8 7. Bxe7 Nxe7 8.
Be2 Nc6 9. O-O O-O 10. Rb1 a5 11. a3 Nf6 12. b4 axb4 13. axb4 Bf5 1/2-1/2

[Event "BL 8788 HSV-Zähringen"]
[Site "?"]
[Date "1987.??.??"]
[Round "?.4"]
[White "Wegner, H."]
[Black "Siegel, G."]
[Result "1/2-1/2"]
[WhiteElo "2370"]
[BlackElo "2315"]
[PlyCount "21"]
[EventDate "1987.??.??"]

1. d4 Nf6 2. Nf3 e6 3. c4 b6 4. a3 Ba6 5. Qc2 c5 6. d5 exd5 7. cxd5 Bb7 8. e4
Qe7 9. Bd3 Nxd5 10. O-O Nc7 11. Nc3 1/2-1/2

[Event "BL 8788 HSV-Zähringen"]
[Site "?"]
[Date "1987.??.??"]
[Round "?.5"]
[White "Weindl, A."]
[Black "Reefschlaeger, H."]
[Result "0-1"]
[WhiteElo "2295"]
[BlackElo "2340"]
[PlyCount "94"]
[EventDate "1987.??.??"]

1. Nf3 g6 2. g3 Bg7 3. Bg2 f5 4. O-O Nf6 5. d3 d6 6. c3 c6 7. Nbd2 O-O 8. e4 e5
9. Re1 Kh8 10. d4 d5 11. exd5 e4 12. Ne5 cxd5 13. Nf1 Nc6 14. Bg5 Qb6 15. Qb3
Be6 16. Qxb6 axb6 17. Be3 Nxe5 18. dxe5 Nd7 19. f4 exf3 20. Bxf3 Nxe5 21. Bg2
Nc4 22. Bxb6 Bg8 23. Bd4 Bxd4+ 24. cxd4 f4 25. gxf4 Nxb2 26. Reb1 Nc4 27. Rxb7
Rxf4 28. Rb4 Rxd4 29. Ne3 Nxe3 30. Rxd4 Nc2 31. Rad1 Nxd4 32. Rxd4 Kg7 33. a4
Kf6 34. Kf2 Ke5 35. Rb4 Rc8 36. Rb2 Kd4 37. a5 Rf8+ 38. Ke1 Kc3 39. Rb6 Rf4 40.
a6 Ra4 41. Rd6 d4 42. Bb7 Bc4 43. Rc6 d3 44. Rd6 Ra1+ 45. Kf2 d2 46. h4 Bxa6
47. Bxa6 Rxa6 0-1

[Event "BL 8788 HSV-Zähringen"]
[Site "?"]
[Date "1987.??.??"]
[Round "?.6"]
[White "Maus, So"]
[Black "Vatter, H."]
[Result "0-1"]
[WhiteElo "2375"]
[BlackElo "2270"]
[PlyCount "60"]
[EventDate "1987.??.??"]

1. e4 c5 2. Nf3 Nc6 3. d4 cxd4 4. Nxd4 g6 5. Nc3 Bg7 6. Be3 Nf6 7. Bc4 O-O 8.
O-O Nxe4 9. Bxf7+ Rxf7 10. Nxe4 Qc7 11. c3 b6 12. Ng5 Rf8 13. Re1 Ne5 14. Nb5
Qc6 15. Qb3+ e6 16. Nd4 Qc7 17. f3 Ba6 18. Ndxe6 dxe6 19. Nxe6 Qf7 20. Nxg7 Bc4
21. Qa3 Nxf3+ 22. gxf3 Qxf3 23. Rad1 Rad8 24. Rd6 Rxd6 25. Qxd6 Bd5 26. Qxf8+
Qxf8 27. c4 Bxc4 28. Bd4 Qf3 29. Re8+ Kf7 30. Rd8 Qf1# 0-1

[Event "BL 8788 HSV-Zähringen"]
[Site "?"]
[Date "1987.??.??"]
[Round "?.7"]
[White "Heim, B."]
[Black "Behrhorst, F."]
[Result "1/2-1/2"]
[WhiteElo "2215"]
[BlackElo "2355"]
[PlyCount "66"]
[EventDate "1987.??.??"]

1. e4 Nf6 2. e5 Nd5 3. d4 d6 4. c4 Nb6 5. f4 dxe5 6. fxe5 Nc6 7. Be3 Bf5 8. Nc3
e6 9. Nf3 Bg4 10. Be2 Qd7 11. O-O O-O-O 12. c5 Nd5 13. Nxd5 Qxd5 14. Ng5 Bxe2
15. Qxe2 Nxd4 16. Bxd4 Qxd4+ 17. Kh1 Qd2 18. Qxd2 Rxd2 19. Rxf7 Bxc5 20. Nxe6
Bb6 21. Nxg7 Bd4 22. e6 Bxb2 23. Raf1 Bxg7 24. Rxg7 Re8 25. Rxh7 Rxe6 26. Rf8+
Rd8 27. Rxd8+ Kxd8 28. g4 b5 29. g5 c5 30. Rh6 Ke7 31. Rxe6+ Kxe6 32. Kg2 Kf5
33. h4 c4 1/2-1/2

[Event "BL 8788 HSV-Zähringen"]
[Site "?"]
[Date "1987.??.??"]
[Round "?.8"]
[White "Michaelsen, N."]
[Black "Fehling, M."]
[Result "1/2-1/2"]
[WhiteElo "2205"]
[BlackElo "2245"]
[PlyCount "32"]
[EventDate "1987.??.??"]

1. d4 Nf6 2. c4 e6 3. Nf3 c5 4. d5 exd5 5. cxd5 d6 6. Nc3 g6 7. Nd2 Bg7 8. Nc4
O-O 9. Bg5 a6 10. a4 Qc7 11. Qd2 Nbd7 12. Qf4 Ne5 13. Bxf6 Bxf6 14. Qxf6 Nxc4
15. e3 Ne5 16. Be2 Qd8 1/2-1/2

[Event "BL 8788 Zähringen-Kreuzberg"]
[Site "?"]
[Date "1987.??.??"]
[Round "?.1"]
[White "Davies, N."]
[Black "Raupp, T."]
[Result "0-1"]
[WhiteElo "2460"]
[BlackElo "2300"]
[PlyCount "87"]
[EventDate "1987.??.??"]

1. e4 c5 2. d3 Nc6 3. g3 e6 4. Bg2 d5 5. Nd2 Nge7 6. Ngf3 g6 7. O-O Bg7 8. Re1
b6 9. c3 Bb7 10. Qe2 Qc7 11. h4 h6 12. Nf1 d4 13. c4 e5 14. h5 Bc8 15. N1h2 O-O
16. Nh4 Bd7 17. f4 Rae8 18. Rf1 exf4 19. gxf4 Nf5 20. Qf2 Ne3 21. hxg6 Nxf1 22.
Nxf1 Ne7 23. gxf7+ Rxf7 24. Ng3 Bg4 25. Bd2 Bf6 26. Nf3 Kh8 27. e5 Bg7 28. Ne4
Rg8 29. Kh1 Ng6 30. Qg3 Bxf3 31. Bxf3 Nxe5 32. fxe5 Bxe5 33. Qh3 Bf4 34. Be1
Be3 35. Bh4 Qe5 36. Rf1 Rgf8 37. Bg3 Bf4 38. Bh5 Rg7 39. Qh4 Rf5 40. Rxf4 Rxh5
41. Rf8+ Kh7 42. Nf6+ Kg6 43. Qxh5+ Qxh5+ 44. Nxh5 0-1

[Event "BL 8788 Zähringen-Kreuzberg"]
[Site "?"]
[Date "1987.??.??"]
[Round "?.2"]
[White "Kiefer, G."]
[Black "Lehmann, K."]
[Result "0-1"]
[WhiteElo "2220"]
[BlackElo "2315"]
[PlyCount "102"]
[EventDate "1987.??.??"]

1. e4 c6 2. d4 d5 3. Nd2 dxe4 4. Nxe4 Nd7 5. Bc4 Ngf6 6. Ng5 e6 7. Qe2 Nb6 8.
Bb3 h6 9. N5f3 c5 10. c3 Be7 11. dxc5 Nbd7 12. Ne5 Nxe5 13. Qxe5 O-O 14. Nf3
Qd3 15. Qd4 Qf5 16. Be3 Nd7 17. O-O-O Bxc5 18. Qd2 Bxe3 19. Qxe3 Qc5 20. Qxc5
Nxc5 21. Bc2 a5 22. Rd6 Ra6 23. Rhd1 Rxd6 24. Rxd6 f6 25. Nd2 a4 26. Nc4 Bd7
27. g3 Kf7 28. Nb6 Bc6 29. Rd4 g5 30. Rc4 Na6 31. Bxa4 Bf3 32. b4 Bd5 33. Nxd5
exd5 34. Rd4 Ke6 35. Bb3 Nc7 36. a4 f5 37. b5 b6 38. f4 gxf4 39. Rxf4 Ke5 40.
Rf1 Ne6 41. Re1+ Kd6 42. Rd1 Nc7 43. Kd2 f4 44. gxf4 Rxf4 45. Ke3 Rh4 46. a5
Rh3+ 47. Kf4 Rxc3 48. axb6 Ne6+ 49. Kf5 Rxb3 50. Rg1 Nd4+ 51. Kg6 Rxb5 0-1

[Event "BL 8788 Zähringen-Kreuzberg"]
[Site "?"]
[Date "1987.??.??"]
[Round "?.3"]
[White "Conquest, S."]
[Black "Schuh, H."]
[Result "1-0"]
[WhiteElo "2395"]
[BlackElo "2320"]
[PlyCount "63"]
[EventDate "1987.??.??"]

1. d4 Nf6 2. c4 e6 3. Nf3 Bb4+ 4. Bd2 Be7 5. Nc3 d5 6. c5 O-O 7. e3 Nbd7 8. Be2
c6 9. b4 Qc7 10. O-O e5 11. b5 e4 12. Ne1 Re8 13. Nc2 Nf8 14. Nb4 Ng6 15. bxc6
bxc6 16. Qa4 Bd7 17. Rfb1 Nh4 18. Qd1 Bf5 19. Rb2 Qd7 20. Rab1 Rac8 21. Be1 g5
22. Na6 Qe6 23. Rb7 Bd8 24. Rxa7 Ng6 25. Rb8 Ba5 26. Rxc8 Rxc8 27. Nxd5 Qxd5
28. Bxa5 Qxa2 29. Nb4 Qa3 30. Qb1 Kg7 31. Nc2 Qa4 32. Bb6 1-0

[Event "BL 8788 Zähringen-Kreuzberg"]
[Site "?"]
[Date "1987.??.??"]
[Round "?.4"]
[White "Siegel, G."]
[Black "Glienke, M."]
[Result "1/2-1/2"]
[WhiteElo "2315"]
[BlackElo "2305"]
[PlyCount "43"]
[EventDate "1987.??.??"]

1. c4 Nf6 2. Nf3 e6 3. d4 d5 4. g3 Bb4+ 5. Nbd2 O-O 6. Bg2 Nc6 7. O-O Re8 8.
Qc2 a5 9. b3 a4 10. Bb2 a3 11. Bc3 Ne4 12. Bxb4 Nxb4 13. Qc1 c6 14. Nxe4 dxe4
15. Nd2 Qxd4 16. Nxe4 Qb2 17. Qxb2 axb2 18. Rab1 Rxa2 19. Rfd1 e5 20. Nc3 Ra3
21. Rxb2 Kf8 22. Ne4 1/2-1/2

[Event "BL 8788 Zähringen-Kreuzberg"]
[Site "?"]
[Date "1987.??.??"]
[Round "?.5"]
[White "Grzesik, F."]
[Black "Weindl, A."]
[Result "1-0"]
[WhiteElo "2255"]
[BlackElo "2295"]
[PlyCount "71"]
[EventDate "1987.??.??"]

1. e4 c5 2. c3 Nf6 3. e5 Nd5 4. d4 cxd4 5. Qxd4 Nb6 6. Nf3 Nc6 7. Qe4 g6 8. Bf4
Bg7 9. a4 d5 10. exd6 O-O 11. Bb5 Bf5 12. Qe2 e5 13. Bg3 Qxd6 14. O-O Rfe8 15.
Rd1 Qc7 16. a5 Nc8 17. a6 bxa6 18. Rxa6 Nb6 19. Nbd2 Rad8 20. Raa1 Bc8 21. Nc4
Bb7 22. Na5 Rxd1+ 23. Rxd1 Ba8 24. Ra1 Re6 25. Nxc6 Bxc6 26. Bxc6 Rxc6 27. Bxe5
Bxe5 28. Qxe5 Nc4 29. Qxc7 Rxc7 30. b3 Nd6 31. c4 Ne4 32. Kf1 Rb7 33. Ra3 Kf8
34. Ke2 Nc3+ 35. Kd3 Nd1 36. Ra2 1-0

[Event "BL 8788 Zähringen-Kreuzberg"]
[Site "?"]
[Date "1987.??.??"]
[Round "?.6"]
[White "Vatter, H."]
[Black "Grzesik, T."]
[Result "1-0"]
[WhiteElo "2270"]
[BlackElo "2300"]
[PlyCount "91"]
[EventDate "1987.??.??"]

1. e4 e5 2. Nf3 Nc6 3. Bc4 Nf6 4. d4 exd4 5. O-O Nxe4 6. Re1 d5 7. Bxd5 Qxd5 8.
Nc3 Qa5 9. Nxe4 Be6 10. Bd2 Qd5 11. Bg5 Be7 12. Bxe7 Kxe7 13. c4 dxc3 14. Qc2
Rhd8 15. Neg5 Nd4 16. Nxd4 Qxg5 17. Qxc3 Rd7 18. Re5 Qg4 19. Nxe6 fxe6 20. Rae1
h6 21. Rxe6+ Kf8 22. h3 Qf4 23. R6e4 Qd6 24. Re6 Qf4 25. g3 Qd4 26. Qb3 c6 27.
R6e4 Qd5 28. Qa3+ Kg8 29. Re5 Qc4 30. Re7 Rad8 31. Rxd7 Rxd7 32. Qxa7 Qb4 33.
Qb8+ Kh7 34. Qe5 Qd4 35. Qf5+ g6 36. Qe6 Kg7 37. Kg2 Qd5+ 38. Qxd5 cxd5 39. Kf3
Kf6 40. Ke3 Ke5 41. Kd3+ Kd6 42. Re8 Rc7 43. Rg8 g5 44. Rg6+ Ke5 45. Rxh6 Rf7
46. Rg6 1-0

[Event "BL 8788 Bayern-Heidelberg"]
[Site "?"]
[Date "1987.??.??"]
[Round "?.1"]
[White "Ostl, A."]
[Black "Ribli, Z."]
[Result "0-1"]
[WhiteElo "2385"]
[BlackElo "2595"]
[PlyCount "86"]
[EventDate "1987.??.??"]

1. Nf3 Nf6 2. c4 e6 3. b3 b6 4. g3 Bb7 5. Bg2 c5 6. O-O Be7 7. Bb2 O-O 8. Nc3
d6 9. Qc2 a6 10. Rad1 Nbd7 11. e4 b5 12. d3 Qb6 13. Qe2 Ng4 14. Ne1 Nge5 15. f4
Nc6 16. Nd5 exd5 17. exd5 Bf6 18. dxc6 Bxc6 19. Nf3 Rfe8 20. Qf2 a5 21. Rfe1 a4
22. Bxf6 Nxf6 23. h3 bxc4 24. bxc4 a3 25. Kh2 Qb2 26. Rd2 Qc3 27. Rxe8+ Rxe8
28. Ne1 Bd7 29. Bf3 Rb8 30. Bd1 Rb2 31. Re2 h5 32. Bb3 Bf5 33. Rc2 Rxc2 34.
Nxc2 Bxd3 35. Nxa3 Ne4 36. Qg2 Qc1 37. Nb5 h4 38. gxh4 Qxf4+ 39. Kg1 Ng3 40.
Qf2 Ne2+ 41. Kg2 Qe5 42. Nc7 Nf4+ 43. Kf3 Be2+ 0-1

[Event "BL 8788 Bayern-Heidelberg"]
[Site "?"]
[Date "1987.??.??"]
[Round "?.2"]
[White "Kindermann, S."]
[Black "Steinbacher, M."]
[Result "1-0"]
[WhiteElo "2490"]
[BlackElo "2260"]
[PlyCount "86"]
[EventDate "1987.??.??"]

1. e4 e5 2. Nf3 d6 3. d4 Nf6 4. Nc3 Nbd7 5. Bc4 Be7 6. O-O O-O 7. h3 Nb6 8. Bd3
Nfd7 9. a4 exd4 10. Nxd4 Bf6 11. Be2 a5 12. f4 Nc5 13. Bf3 Bd7 14. b3 Na6 15.
Be3 Nb4 16. Qd2 Re8 17. Rad1 Qe7 18. Rfe1 Rad8 19. Bf2 Qf8 20. Ndb5 Na8 21. Nd5
Nxd5 22. exd5 Rxe1+ 23. Rxe1 g6 24. Qxa5 Qg7 25. Rd1 g5 26. fxg5 Qxg5 27. Nxc7
Nxc7 28. Qxc7 Bxh3 29. Qxb7 Be5 30. Qb4 Bf5 31. Qd2 Bf4 32. Qe2 Qh6 33. g3 Qg6
34. Bh5 Qg5 35. Kg2 Kf8 36. Re1 Be5 37. Bf3 h5 38. Rh1 Rc8 39. c4 Rb8 40. Rxh5
Qg6 41. Qe3 Bc2 42. Rxe5 dxe5 43. Qxe5 Kg8 1-0

[Event "BL 8788 Bayern-Heidelberg"]
[Site "?"]
[Date "1987.??.??"]
[Round "?.3"]
[White "Cicak, S."]
[Black "Bischoff, K."]
[Result "1/2-1/2"]
[WhiteElo "2290"]
[BlackElo "2460"]
[PlyCount "44"]
[EventDate "1987.??.??"]

1. e4 c5 2. Nf3 e6 3. c3 d5 4. e5 Nc6 5. d4 Bd7 6. Be2 cxd4 7. cxd4 Nge7 8. O-O
Nc8 9. Nc3 Be7 10. g4 a6 11. Be3 Nb6 12. Kh1 Rc8 13. Rg1 Na5 14. Rg3 Bb4 15.
Bg5 Be7 16. Bc1 Bc6 17. Rh3 Nd7 18. Bd3 Nf8 19. b3 Bd7 20. Ne2 Nc6 21. Ng3 Nb4
22. Nh5 Rg8 1/2-1/2

[Event "BL 8788 Bayern-Heidelberg"]
[Site "?"]
[Date "1987.??.??"]
[Round "?.5"]
[White "Nonnenmacher, E."]
[Black "Hecht, H."]
[Result "0-1"]
[WhiteElo "2300"]
[BlackElo "2445"]
[PlyCount "104"]
[EventDate "1987.??.??"]

1. e4 c5 2. Nf3 Nc6 3. d4 cxd4 4. Nxd4 g6 5. Nc3 Bg7 6. Be3 Nf6 7. Bc4 O-O 8.
Bb3 Qa5 9. O-O d6 10. h3 Bd7 11. f4 Nxd4 12. Bxd4 Bc6 13. Nd5 Rfe8 14. Bxf6
exf6 15. f5 Rxe4 16. Kh1 Rae8 17. Qd3 g5 18. Rad1 Qc5 19. Kh2 Bb5 20. c4 Bxc4
21. Bxc4 Qxc4 22. Nc3 Qxd3 23. Rxd3 R4e5 24. Rxd6 Bf8 25. Rd7 b5 26. Nd5 Kg7
27. Rc1 Rxf5 28. Rcc7 Kg6 29. Rxa7 Re2 30. Ra8 Rff2 31. Rxf8 Rxg2+ 32. Kh1 Rh2+
33. Kg1 Reg2+ 34. Kf1 Rxb2 35. Kg1 Rbg2+ 36. Kf1 Rf2+ 37. Kg1 Rfg2+ 38. Kf1
Rxa2 39. Kg1 Rag2+ 40. Kf1 Rf2+ 41. Kg1 Rhg2+ 42. Kh1 Rh2+ 43. Kg1 Rfg2+ 44.
Kf1 Rc2 45. Kg1 Rhg2+ 46. Kh1 Rh2+ 47. Kg1 Rhg2+ 48. Kh1 Rh2+ 49. Kg1 Rcg2+ 50.
Kf1 Rb2 51. Kg1 Rhe2 52. Kf1 Rf2+ 0-1

[Event "BL 8788 Bayern-Heidelberg"]
[Site "?"]
[Date "1987.??.??"]
[Round "?.7"]
[White "Gscheidlen, W."]
[Black "Stangl, M."]
[Result "1/2-1/2"]
[WhiteElo "2205"]
[BlackElo "2375"]
[PlyCount "40"]
[EventDate "1987.??.??"]

1. e4 c5 2. Nf3 d6 3. d4 cxd4 4. Nxd4 Nf6 5. Nc3 a6 6. a4 e6 7. g3 Be7 8. Bg2
O-O 9. O-O Qc7 10. Nb3 Nc6 11. Kh1 b6 12. f4 Bb7 13. g4 Rfd8 14. g5 Nd7 15. Qe2
Bf8 16. Be3 Na5 17. Nd2 Rab8 18. Qf2 Ba8 19. Qe2 Bb7 20. Qf2 Ba8 1/2-1/2

[Event "BL 8788 Bayern-Heidelberg"]
[Site "?"]
[Date "1987.??.??"]
[Round "?.8"]
[White "Schlosser, P."]
[Black "Zuse, P."]
[Result "1-0"]
[WhiteElo "2375"]
[BlackElo "2295"]
[PlyCount "65"]
[EventDate "1987.??.??"]

1. e4 c5 2. Nf3 d6 3. c3 Nf6 4. h3 e6 5. Bd3 Be7 6. O-O O-O 7. Bc2 Nc6 8. Re1
Bd7 9. d4 cxd4 10. cxd4 Nb4 11. Bb3 d5 12. e5 Ne4 13. Nc3 Nxc3 14. bxc3 Nc6 15.
Qd3 f5 16. exf6 Bxf6 17. Bc2 g6 18. Rb1 Qc7 19. h4 Rad8 20. Ng5 e5 21. Nxh7 Bf5
22. Nxf6+ Rxf6 23. Qd1 Bxc2 24. Qxc2 Nxd4 25. Qd3 Ne6 26. Qg3 Rdf8 27. Qxe5 Qc6
28. Be3 Nc5 29. Qd4 Ne4 30. Qxa7 R6f7 31. Rb6 Qd7 32. Rxg6+ Kh7 33. Rh6+ 1-0

[Event "BL 8788 Wattenscheid-Lasker"]
[Site "?"]
[Date "1987.??.??"]
[Round "?.2"]
[White "Sandkamp, R."]
[Black "Heyken, E."]
[Result "0-1"]
[WhiteElo "2250"]
[BlackElo "2305"]
[PlyCount "68"]
[EventDate "1987.??.??"]

1. Nf3 c5 2. g3 Nc6 3. Bg2 g6 4. O-O Bg7 5. d3 e5 6. c4 Nge7 7. Nc3 O-O 8. Ne1
d6 9. Nc2 Be6 10. Ne3 Qd7 11. Ned5 Bh3 12. Ne4 Nxd5 13. Bxh3 Qxh3 14. cxd5 Ne7
15. Qb3 Qd7 16. Bg5 f6 17. Bd2 Nf5 18. e3 Rae8 19. a4 Nh6 20. Qb5 Qe7 21. f4
Nf7 22. a5 f5 23. Nf2 a6 24. Qb6 g5 25. Rae1 Qd7 26. b4 exf4 27. bxc5 fxg3 28.
hxg3 Ne5 29. c6 Qf7 30. Ne4 Qxd5 31. cxb7 fxe4 32. Qxa6 Nf3+ 33. Rxf3 exf3 34.
Kf2 Rf7 0-1